000 00546nam a2200217Ia 4500
003 OSt
005 20220928140138.0
006 a|||||r|||| 00| 0
007 ta
008 220927b |||||||| |||| 00| 0 eng d
024 _a6840
037 _cTextual
040 _aSDCL
_cSDCL
_beng
041 _2eng
_aeng
082 _aO-,2M54:g, L7
100 _aShewan Rodney
_9494114
245 0 _aOscar Wilde
_b Art and egotism.
260 _c1977
942 _hO-,2M54:g, L7
_cTEXL
_2CC
999 _c809999
_d809999